000 00374nam a22001697a 4500
005 20160617154854.0
008 160617b xxu||||| |||| 00| 0 eng d
020 _a81-7554-0384-1
041 _aeng
082 _b8015
100 _aAdair, John
_9301
245 _aHow to Grow Leaders
260 _bKogan Pages
300 _a15
650 _aManagement
_9241
942 _cBK
999 _c2984
_d2983